[Event "IBCA-ol blind 13th"]
[Site "Heraklion"]
[Date "2008.10.21"]
[Round "3.4"]
[White "Bolliger, Willi"]
[Black "Koumtzis, Sotiris"]
[Result "1-0"]
[WhiteElo "1400"]
[BlackElo "1400"]
[PlyCount "49"]
[EventDate "2008.10.19"]
[EventType "team-swiss"]
[EventRounds "9"]
[EventCountry "GRE"]
[SourceTitle "EXT 2010"]
[Source "ChessBase"]
[SourceDate "2010.11.25"]
[SourceVersion "1"]
[SourceVersionDate "2010.11.25"]
[SourceQuality "1"]
[WhiteTeam "Switzerland (blind)"]
[BlackTeam "Greece (blind) III"]
[WhiteTeamCountry "SUI"]
[BlackTeamCountry "GRE"]

1. e4 e5 2. Nf3 Nc6 3. Bb5 a6 4. Ba4 Nf6 5. 0-0 Nxe4 6. Re1 Nc5 7. Bxc6 dxc6 8. Nxe5 Be7 9. d4 Ne6 10. c3 0-0 11. Be3 Ng5 12. Nd2 Qd5 13. Nef3 Bg4 14. Bxg5 Bxg5 15. Re5 Qd8 16. Qc2 Qf6 17. Nxg5 Qg6 18. Qxg6 fxg6 19. Rae1 Bd7 20. Ndf3 Rae8 21. R1e3 h6 22. Ne4 Rxe5 23. dxe5 Re8 24. Nc5 Rd8 25. Rd3 1-0